| 000 | 01225nam a2200301 a 4500 | ||
|---|---|---|---|
| 001 | 000021235 | ||
| 003 | DO-SdBNP | ||
| 005 | 20221101115027.0 | ||
| 007 | 000021235 | ||
| 008 | 150128s 1984 dr a 000 0 spa d | ||
| 020 | _a9684940149 | ||
| 040 |
_aBPMSU _bspa _cBPMSU |
||
| 082 | 4 |
_a H863.08 _bC965a 1984 _222 |
|
| 092 |
_a _b |
||
| 245 | 0 | 0 |
_aCuentos de animales fantásticos para niños / _cedición ; Rosanela Álvarez. |
| 250 | _a2a ed. | ||
| 260 |
_aSão Paulo, Brasil : _bEditoras Ática, _c1984. |
||
| 300 |
_a106 p. : _bil. ; _c22 cm. |
||
| 490 | 0 | _aCoedición latinoamericana | |
| 505 | 0 |
_aLa Boitatá (Brasil) -- _tEl hombre caimán (Colombia) -- _tLas guacamayas (Ecuador) -- _tEl caballito de sieto colores (Guatemala) -- _tEl murciélago (México) -- _tEl lagarto de oro (Nicaragua) -- _tEl Amaru (Perú) -- _tEl pájaro Inriri, fabricante de mujeres (Puerto Rico) -- _tLa novia del pececito (República Dominicana) -- _tBlanca y el Salvaje (Venezuela). |
|
| 590 | _6Inventariado, 2022/VM | ||
| 650 | 4 |
_aCuentos intantiles latinoamericanos _vColecciones |
|
| 650 | 4 | _aLiteratura latinoamericana | |
| 700 | 1 |
_aÁlvarez, Rosanela, _eed. |
|
| 711 | _h | ||
| 910 | _aVMateo V./Valedado | ||
| 942 |
_2ddc _cBK |
||
| 999 |
_c12212 _d12212 |
||